| 000 | 01950nam a2200361 a 4500 | ||
|---|---|---|---|
| 999 |
_c187627 _d187627 |
||
| 003 | BLK | ||
| 005 | 20240430005253.0 | ||
| 008 | 180411b bul|||||r ||||||| ||bul|| | ||
| 010 | _aKNG00196643000 | ||
| 040 | _aBLK | ||
| 041 |
_aBUL _cBUL |
||
| 080 |
_aБългарска литература _b821.163.2 _x(081.1) _z821.163.2(081.1) |
||
| 080 |
_aБългарска литература _b821.163.2 _x-1 _z821.163.2-1 |
||
| 100 |
_aСлавейков, Пенчо Петков _d1866-1912 _gПоет. Фолклорист. Преводач от немски и руски език. _9364367 |
||
| 139 |
_aСлавейков, Пенчо Петков _bС 42 |
||
| 245 | 1 | 0 |
_aСъбрани съчинения в осем тома _bТ. 1 - _cПенчо Петков Славейков; ред. кол. Борис Стойчев Делчев; предг. от Ангел Тодоров; * Ангел Тодоров Тошков; под ред. на на том Ангел Тодоров. _nТ. 2 _pНа острова на блажените |
| 257 | _aBGR | ||
| 260 |
_bБълг. писател _c1958 - 1959 _aСофия |
||
| 300 | _c20 см | ||
| 380 | _aX | ||
| 700 | 1 |
_aДелчев, Борис Стойчев _eред. кол. _9368307 |
|
| 700 | 1 |
_aТодоров, Ангел _eпредг. от _gТошков, Ангел Тодоров _9367241 |
|
| 700 | 1 |
_aТошков, Ангел Тодоров _e* _9377337 |
|
| 700 | 1 |
_aТодоров, Ангел _eпод ред. на на том _gТошков, Ангел Тодоров _9367241 |
|
| 760 | 1 |
_aСлавейков, Пенчо Петков _d1958 _h352 с. : с портр., 3 л. : ил., 1 л. : факс. _tНа острова на блажените _oТ. 2 |
|
| 852 | _aЦб 11516 | ||
| 856 | 4 | _qpdf | |
| 856 | 4 | _qpdf | |
| 942 |
_cKNG _n0 _s1 |
||
| 944 |
_aCR _c22.11.2016 _k _lCRON CRON |
||
| 944 |
_aED _c22.11.2016 _kПравда_Бадева |
||
| 999 | _d187627 | ||